ბათუმის შოთა რუსთაველის სახელმწიფო უნივერსიტეტის ბიბლიოთეკა

ჩანაწერი Personal Name

ჩანაწერთა რაოდენობა, რომელიც გამოყენებულია: 1

001 - CONTROL NUMBER

  • control field: 14236

003 - CONTROL NUMBER IDENTIFIER

  • control field: GE_BSU

005 - DATE AND TIME OF LATEST TRANSACTION

  • control field: 20220627140305.0

008 - FIXED-LENGTH DATA ELEMENTS

  • fixed length control field: 220627|| aca||aabn | a|a d

040 ## - CATALOGING SOURCE

  • Original cataloging agency: GE_BSU
  • Transcribing agency: GE_BSU

100 ## - HEADING--PERSONAL NAME

  • Personal name: Caron, Jean,
  • Dates associated with a name: 1929-

670 ## - SOURCE DATA FOUND

  • Source citation: Work cat.: (GE_BSU)0: Caron, Jean, 1929-, Précis de psycholinguistique /, c1989.